Personagens de The Owl House (A Casa da Coruja) - Statistics

Estatísticas Gerais
  • Esse quiz foi jogado 48 vezes
  • A pontuação média é 10 de 18
Estatísticas das Respostas
Resposta % Correto
Luz
100%
Amity
86%
Gus
86%
Hunter
75%
King
75%
Willow
75%
Eda
71%
Lilith
68%
Belos
61%
Boscha
46%
Corujito
46%
Camila
43%
Kikimora
43%
Raine
39%
Coletor
29%
Odalia
29%
Alador
25%
Bastão Coruja
7%
Nenhum quiz correspondente encontrado
Distribuição das Pontuações
Porcentagem de Pessoas com Cada Pontuação
Percentil de Números Respondidos
Sua Pontuação Histórica
Você não jogou esse quiz